Piłkarze Pogoni Grodzisk Mazowiecki - nagła śmierć - Statystyki

Ogólne statystyki
  • Ten quiz został rozwiązany 11 razy
  • Średni wynik to 12 z 20
Answers on the Grid
Answers color-coded by a green-red scale on the quiz's grid according to % correct below.
Rafał Adamski
Dominik Furman
Jakub Apolinarski
Krzysztof Janus
Jakub Niewiadomski
Patryk Sokołowski
Łukasz Zjawiński
Paweł Kieszek
Radosław Majewski
Norbert Pacławski
Damian Mosiejko
Bartłomiej Urbański
Sebastian Rudol
Nikodem Niski
Adam Radwański
Igor Korczakowski
Tomasz Wełna
Jakub Lis
Adrian Błąd
Mateusz Wieteska
Krzysztof Drzazga
Jakub Staniszewski
Oliwier Olewiński
Jakub Łukowski
Mateusz Szczepaniak
Michał Feliks
Olivier Wypart
Adrian Klimczak
Jakub Konstantyn
Mateusz Hołownia
Jakub Jędrasik
Grzegorz Gulczyński
Jakub Adkonis
Mateusz Mak
Piotr Tomasik
Oleksiy Zinkevych
Adam Chrzanowski
Patryk Kun
Jean Franco Sarmiento
Adrian Dalmau
 
Statystyki odpowiedzi
Odpowiedź % Poprawnych
Jakub Adkonis
90%
Jakub Apolinarski
90%
Rafał Adamski
90%
Nikodem Niski
80%
Jakub Konstantyn
70%
Jakub Lis
70%
Jean Franco Sarmiento
70%
Paweł Kieszek
70%
Jakub Jędrasik
60%
Jakub Niewiadomski
60%
Mateusz Szczepaniak
60%
Oliwier Olewiński
60%
Igor Korczakowski
50%
Jakub Staniszewski
50%
Mateusz Wieteska
40%
Norbert Pacławski
40%
Bartłomiej Urbański
30%
Oleksiy Zinkevych
30%
Grzegorz Gulczyński
20%
Olivier Wypart
20%
Nie znaleziono quizów pasujących do podanych kryteriów
Rozkład punktacji
Procent ludzi z każdym wynikiem
Percentyl według liczby udzielonych odpowiedzi
Twoja historia wyników
Nie rozwiązałeś tego quizu